000 00327nam a2200133Ia 4500
005 20251222143201.0
008 251222s9999||||xx |||||||||||||| ||spa||
020 _a978-987-1305-28-5
082 _a025.2/C32
100 _aCasanovas, Inés
245 0 _aGestión de archivos electrónicos
264 _bAlfagrama
942 _cLIB
999 _c13087
_d13087